000 01262nji a22003017a 4500
005 20100903161258.0
006 a|||||r|||||00| 0
007 sd ammalaaahaa
008 100830t xxu||||| |||| 00| 0 eng d
028 _aN. 2392083
_bPopular
035 _aGR-02781
040 _aSED
_cSED
100 _917455
_aMangeshkar, Lata and Shailendra singh
245 _aPopular duets from FLM /
_cby Lata mangeshkar and Shailender Singh
_h[sound recording] :
246 _aपोपुलर दुएट्स फ्रॉम फलम/लता मंगेशकर एंड शैलेन्द्र कुमार द्वारा
260 _aDum Dum, India
_bPopular
300 _a1 sound disc [Gramophone Recording]:
_banalog, 33 1/3 rpm
_c13 in. (LP)
_fGramophone Record
500 _aBrief Record
505 _a Side १ प्यार में कभी कभी (Pyar me kabhi kabhi) Side 2 भूल गए सब कुछ (Bhool gaye sabkuch) (Lata Mangeshakr)
650 _aClassical music
_zIndia
_91186
_xExcerpts
700 _917416
700 _917456
700 _919067
700 _919087
700 _919088
942 _2ddc
_cGR
999 _c45992
_d45992